Word Cross Puzzle #2 - Statistics

General Stats
  • This quiz has been taken 2,455 times
  • The average score is 8 of 10
Answer Stats
Answer % Correct
Ghost
97%
Chalk
95%
Empire
94%
Octangle
93%
Oxen
87%
Neglect
77%
Narrow
76%
Byte
69%
Apart
38%
Terminate
24%
No matching quizzes found
Score Distribution
Percent of People with Each Score
Percentile by Number Answered
Your Score History
You have not taken this quiz